<The> Influence of maintenance on the useful life of operating resources

Salvato in:
Dettagli Bibliografici
Autore principale: Schmidt, Simon
Natura: Capitolo di libro
Lingua:tedesco
Tags: Aggiungi Tag
Nessun Tag, puoi essere il primo ad aggiungerne!!

MARC

LEADER 00000nla a2200000 4500
001 0213544
005 20240502073549.3
041 0 |a ger 
044 |a SK 
245 1 0 |a <The> Influence of maintenance on the useful life of operating resources  |c Simon Schmidt 
100 1 |a Schmidt, Simon